Moderní metody hodnocení výkonnosti a oceňování podniků

Bibliographic Details
Main Author: Kislingerová, Eva, 1950- (Author)
Format: Article
Language:Slovak
ISSN:1335-0900
Subjects:

MARC

LEADER 00000nab a2200000 a 4500
001 vtls000769094
003 SK-MaSNL
005 20260302153715.0
008 140328c2001 xo 0 slo
015 |a SNBRB2001/09-27445 
035 |a CLN000120881 
040 |a SNKBUCL  |b slo  |c SNKBUCL  |e AACR2 
041 0 |a slo 
044 |a xo  |c SK 
080 |a 658.155(048)  |2 1997 
080 |a 657.372.2(048)  |2 1997 
080 |a 657.92(048)  |2 1997 
100 1 |a Kislingerová, Eva,  |d 1950-  |4 aut  |9 122712 
245 1 0 |a Moderní metody hodnocení výkonnosti a oceňování podniků  |c Eva Kislingerová 
650 0 7 |a podniky  |x výkonnosť  |x majetok  |x oceňovanie  |x monografie  |x recenzie  |2 snkbucl  |9 849219 
650 0 7 |a majetok podnikový  |2 snkbucl  |9 849220 
655 7 |a články z novín a časopisov  |2 snkbucl  |9 267496 
773 0 |t Biatec  |g Roč. 9, č. 8 (2001), s. 26  |x 1335-0900 
787 0 8 |i Rec.:  |a Maříková, P.  |t Moderní metody hodnocení výkonnosti a oceňování podniků  |d Praha : Ekopress, 2001 
850 |a Slovenská národná knižnica v Martine 
852 |a SNK  |b KIS3GCP 
958 |a RC 
992 |a RBX 
999 |c 1366231  |d 1368161